Baby Boy Names 2017 - England & Wales - Statistics

General Stats
  • This quiz has been taken 37 times
  • The average score is 59 of 100
Answer Stats
Answer % Correct
Harrison
100%
Harry
100%
Jack
100%
William
100%
Benjamin
97%
Jacob
97%
Matthew
97%
Daniel
93%
George
93%
Henry
93%
Lucas
93%
Luke
93%
Oliver
93%
James
90%
Liam
90%
Ollie
90%
Samuel
90%
Thomas
90%
Jake
86%
Jaxon
86%
Michael
86%
Alex
83%
Alexander
83%
Jackson
83%
Joseph
83%
Zachary
83%
Adam
79%
David
79%
Ethan
79%
Frankie
79%
Isaac
79%
Charles
76%
Charlie
76%
Luca
76%
Oscar
76%
Edward
72%
Elijah
72%
Freddie
72%
Frederick
72%
Joshua
72%
Nathan
72%
Noah
72%
Arthur
66%
Dylan
66%
Leo
66%
Mason
66%
Max
66%
Alfie
62%
Archie
62%
Jayden
62%
Logan
62%
Lewis
59%
Mohammad
59%
Muhammad
59%
Ryan
59%
Tommy
59%
Cai
55%
Mohammed
55%
Theodore
55%
Albert
52%
Finley
52%
Leon
52%
Theo
52%
Finn
48%
Hunter
48%
Louie
48%
Louis
48%
Caleb
45%
Sebastian
45%
Ibrahim
41%
Reuben
41%
Toby
41%
Tyler
41%
Ronnie
38%
Jude
34%
Rory
34%
Stanley
34%
Albie
31%
Carter
31%
Elliot
31%
Ezra
31%
Harvey
31%
Hugo
31%
Jesse
31%
Reggie
31%
Gabriel
28%
Harley
28%
Riley
28%
Bobby
24%
Dexter
24%
Teddy
21%
Austin
17%
Blake
17%
Felix
14%
Ralph
14%
Roman
14%
Arlo
10%
Ellis
10%
Jenson
10%
Elliott
3%
No matching quizzes found
Score Distribution
Percent of People with Each Score
Percentile by Number Answered
Your Score History
You have not taken this quiz